000 00430nam a22001697a 4500
003 NUST - PNEC
005 20170116180827.0
008 150728b xxu||||| |||| 00| 0 eng d
020 _a0412756203
040 _cLIBRARY
082 _a510 EVA
100 _94453
_aEvans, C.W.
245 _aEngineering mathematics : A programmed approach
_cC.W. Evans
250 _a3rd ed.
650 _94454
_aMathematics
_xME
942 _2ddc
_cBK
999 _c63932
_d63932